The complete poems
Sparad:
| Huvudupphovsman: | |
|---|---|
| Materialtyp: | Bok |
| Språk: | Undetermined |
| Publicerad: |
London
Everyman's Library
1993
|
| Ämnen: | |
| Taggar: |
Lägg till en tagg
Inga taggar, Lägg till första taggen!
|
| Thư viện lưu trữ: | Trung tâm Học liệu Trường Đại học Cần Thơ |
|---|
| LEADER | 00497nam a2200181Ia 4500 | ||
|---|---|---|---|
| 001 | CTU_36048 | ||
| 008 | 210402s9999 xx 000 0 und d | ||
| 082 | |a 821.4 | ||
| 082 | |b M361 | ||
| 100 | |a Andrew Marvell | ||
| 245 | 4 | |a The complete poems | |
| 245 | 0 | |c Andrew Marvell | |
| 260 | |a London | ||
| 260 | |b Everyman's Library | ||
| 260 | |c 1993 | ||
| 650 | |a english literature - 17th century,english poetry | ||
| 904 | |i Minh, 000406 | ||
| 980 | |a Trung tâm Học liệu Trường Đại học Cần Thơ | ||